000 00320nam a2200145Ia 4500
100 _aSeshu/P
942 _cBK
654 _afinite element
245 _aText book of finite element analysis
260 _bPrentice Hall of India
_c2003
082 _a620.0015
_bSES
300 _a330
546 _aENGLISH
999 _c22880
_d22880